Globalización, crisis del estado de bienestar y nuevas propuestas de política social /

Teniendo como contexto y determinante a la actual globalización del capital entendida y concebida en general como forma de dominación económica más acabada del capitalismo, el objetivo del trabajo es analizar y relacionar dicha tendencia económica tanto con la crisis del denominado Estado del Bienes...

وصف كامل

محفوظ في:
التفاصيل البيبلوغرافية
المؤلف الرئيسي: González Villa, Manuel Salvador
التنسيق: نص
الموضوعات:
الوسوم: إضافة وسم
لا توجد وسوم, كن أول من يضع وسما على هذه التسجيلة!

MARC

LEADER 00000 a a2200000 04500
001 40725
003
040
100 |a González Villa, Manuel Salvador  
245 |a Globalización, crisis del estado de bienestar y nuevas propuestas de política social /  |c Manuel Salvador González Villa  
520 |a Teniendo como contexto y determinante a la actual globalización del capital entendida y concebida en general como forma de dominación económica más acabada del capitalismo, el objetivo del trabajo es analizar y relacionar dicha tendencia económica tanto con la crisis del denominado Estado del Bienestar, particularmente en materia de Seguridad Social, como identificar y revisar, en el caso del Estado Mexicano específicamente, las nuevas estrategias de política social fundamentalmente de carácter focalizado.  
590 |a RRH/JULIO2011  
650 |a 1.GLOBALIZACION  
650 |a 2.NEOLIBERALISMO  
650 |a 3.ESTADO  
650 |a 4.POLITICA SOCIAL  
650 |a 5.DESIGUALDAD SOCIAL  
650 |a 6.POBREZA  
650 |a 7.SEGURIDAD SOCIAL  
650 |a 8.MEXICO  
773 |g volumen19, número34 ( , 2008), páginas 11-24  
999 |c 29118  |d 29118